| 000 | 00434cam a2200169ua 4500 | ||
|---|---|---|---|
| 020 |
_a81-237-0140-3 _c27.00 |
||
| 041 |
_aeng _h |
||
| 082 |
_a620.4162 _bMAL/OC |
||
| 100 | _aMalhotra, A K . | ||
| 245 |
_aOcean science and technology / _cA K Malhotra. _hTextual Documents |
||
| 260 |
_aIndia : _bNational Book Trust , _c1980. |
||
| 300 | _a182 ; . | ||
| 365 | _a27.00 | ||
| 504 | _a | ||
| 942 | _cBK | ||
| 999 |
_c10602 _d10602 |
||